000 00720nam a2200253 a 4500
001 BRCA_6913
005 20190320205635.0
008 161111s1941----u--#######---#000-0#eng-#
041 _aeng
044 _au
050 4 _aIC252
_b.B87 1941
100 1 _aBurnham, James
_d1905-1987
_917221
245 1 0 _aThe managerial revolution
_bwhat is happening in the world
_cJames Burnham
260 _aNueva York
_bThe John Day company
_cc1941
300 _a285 p.
_c21 cm.
500 _aEstado físico: Camisa deteriorada
500 _aO119
650 1 4 _aPolítica mundial
_917222
650 1 4 _aProblemas sociales
_917223
650 1 4 _aCapitalismo
_917224
650 1 4 _aSocialismo
_917225
902 _aGFM
942 _2lcc
_cB
999 _c6595
_d6595